Milan Bergamo Airport Destinations (Bergamo, Italy) - Map - Statistics

General Stats
  • This quiz has been taken 40 times
  • The average score is 98 of 151
Answers on the Map
Answers color-coded by a green-red scale on the quiz's map according to % correct below.
 
Answer Stats
Destination % Correct
Naples
96%
Dublin
93%
Liverpool
93%
London (Stansted)
93%
Manchester
93%
Marseille
93%
Athens
89%
Barcelona
89%
Belfast (International)
89%
Berlin
89%
Birmingham
89%
Cairo
89%
Istanbul (Sabiha Gökçen)
89%
Lisbon
89%
Lyon
89%
Madrid
89%
Oslo
89%
Prague
89%
Tel Aviv
89%
Vienna
89%
Warsaw (Chopin)
89%
Warsaw (Modlin)
89%
Bari
85%
Belgrade
85%
Bucharest (Băneasa)
85%
Bucharest (Otopeni)
85%
Catania
85%
Copenhagen
85%
Dubai (International)
85%
Edinburgh
85%
Helsinki
85%
Kuwait City
85%
Malta
85%
Palermo
85%
Porto
85%
Rabat
85%
Riga
85%
Sarajevo
85%
Seville
85%
Sofia
85%
Stockholm (Arlanda)
85%
Tenerife (South)
85%
Tirana
85%
Zagreb
85%
Budapest
81%
Gdańsk
81%
Gran Canaria
81%
Palma de Mallorca
81%
Sal
81%
Alicante
78%
Bergen
78%
Bristol
78%
Casablanca
78%
Corfu
78%
Cork
78%
Faro
78%
Ibiza
78%
Málaga
78%
Olbia
78%
Rhodes
78%
Skopje
78%
Tbilisi
78%
Amman (Queen Alia)
74%
Cagliari
74%
Cologne/Bonn
74%
Düsseldorf
74%
İzmir
74%
Kraków
74%
Luxembourg
74%
Nantes
74%
Newcastle upon Tyne
74%
Toulouse
74%
Alexandria
70%
Brindisi
70%
Chișinău
70%
Fès
70%
Marrakesh
70%
Santorini
70%
Tangier
70%
Thessaloniki
70%
Valencia
70%
Cluj-Napoca
67%
Dakar (Diass)
67%
Heraklion
67%
Vilnius
67%
Wrocław
67%
Zadar
67%
Brno
63%
Dubrovnik
63%
Menorca
63%
Tashkent
63%
Varna
63%
Zakynthos
63%
Alghero
59%
Billund
59%
Eindhoven
59%
Fuerteventura
59%
Katowice
59%
Kaunas
59%
Łódź
59%
Salerno
59%
Tromsø
59%
Zaragoza
59%
Agadir
56%
Chania
56%
Charleroi
56%
Kos
56%
Lampedusa
56%
Lanzarote
56%
Pescara
56%
Poznań
56%
Rovaniemi
52%
Sharm El Sheikh
52%
Beauvais
48%
East Midlands
48%
Iași
48%
Lublin
48%
Mostar
48%
Stavanger
48%
Knock
44%
Lamezia Terme
44%
Paphos
44%
Sharjah
44%
Timișoara
44%
Trapani
44%
Asturias
41%
Kalamata
41%
Biarritz
37%
Kefalonia
37%
Boa Vista
33%
Marsa Alam
33%
Sibiu
33%
Skiathos
33%
Craiova
30%
Suceava
30%
Weeze
30%
Castellón
26%
Crotone
26%
Karpathos
26%
Lemnos
26%
Lourdes
26%
Preveza
26%
Bacău
22%
Hahn
22%
Vitoria
22%
Oradea
19%
Sandefjord
19%
Târgu Mureș
19%
Urgench
15%
Beni Mellal
7%
Harstad/Narvik
7%
No matching quizzes found
Score Distribution
Percent of People with Each Score
Percentile by Number Answered
Your Score History
You have not taken this quiz